00436nam a22001337a 4500003000400000005001700004008004100021024001900062040002100081050001400102100002600116245011900142260004100261OSt20260630081003.0260630b |||||||| |||| 00| 0 eng d aPLIN/6006/2018 cRongo University aL5 b.M33 aMacharia Joshua Maina aLingala morphophonemics: Underlying hiatal and consonantal configurations and their resolution in connected speech aRongo, KenyabRongo Universityc2025